[Event "English Schools Championship Final 2024"]
[Site "Nottingham University Kings Meadow Campus, United Kingdom"]
[Date "2024.06.27"]
[Round "2.71"]
[White "Phillips, James"]
[Black "Mathey, Ruben"]
[Result "1-0"]
[TimeControl "G50' + 10\" per move."]
[WhiteElo "1449"]
[BlackElo "1670"]

1. d4 {[%clk 00:50:14]} {[%emt 00:00:06]} d5 {[%clk 00:50:11]} {[%emt
00:00:09]} 2. Nf3 {[%clk 00:50:17]} {[%emt 00:00:06]} c5 {[%clk 00:50:10]}
{[%emt 00:00:12]} 3. c3 {[%clk 00:50:15]} {[%emt 00:00:12]} Bf5 {[%clk
00:50:11]} {[%emt 00:00:09]} 4. e3 {[%clk 00:50:04]} {[%emt 00:00:21]} e6
{[%clk 00:50:13]} {[%emt 00:00:09]} 5. Bd3 {[%clk 00:49:57]} {[%emt 00:00:16]}
Bg6 {[%clk 00:48:58]} {[%emt 00:01:25]} 6. O-O {[%clk 00:47:32]} {[%emt
00:02:33]} Nf6 {[%emt 00:00:06]} 7. Bb5+ {[%clk 00:46:33]} {[%emt 00:01:07]}
Nc6 {[%clk 00:49:10]} {[%emt 00:00:06]} 8. Ne5 {[%clk 00:46:21]} {[%emt
00:00:20]} Qc7 {[%clk 00:48:51]} {[%emt 00:00:31]} 9. Qa4 {[%clk 00:45:53]}
{[%emt 00:00:34]} Rc8 {[%clk 00:48:34]} {[%emt 00:00:30]} 10. Qxa7 {[%clk
00:44:36]} {[%emt 00:01:27]} Kd8 {[%clk 00:47:38]} {[%emt 00:01:06]} 11. Qa4
{[%clk 00:43:08]} {[%emt 00:01:32]} Nxe5 {[%emt 00:00:29]} 12. dxe5 {[%clk
00:42:13]} {[%emt 00:01:03]} Qxe5 {[%clk 00:47:33]} {[%emt 00:00:04]} 13. Qa5+
{[%clk 00:40:57]} {[%emt 00:01:24]} Qc7 {[%clk 00:47:33]} {[%emt 00:00:12]} 14.
Qxc7+ {[%clk 00:39:56]} {[%emt 00:01:11]} Rxc7 {[%clk 00:47:40]} {[%emt
00:00:03]} 15. Nd2 {[%clk 00:39:47]} {[%emt 00:00:17]} Bd6 {[%clk 00:47:09]}
{[%emt 00:00:43]} 16. Re1 {[%clk 00:38:44]} {[%emt 00:01:12]} Ke7 {[%clk
00:47:07]} {[%emt 00:00:14]} 17. c4 {[%clk 00:37:55]} {[%emt 00:00:57]} Ra8
{[%clk 00:46:15]} {[%emt 00:01:03]} 18. cxd5 {[%clk 00:35:51]} {[%emt
00:02:14]} exd5 {[%clk 00:46:21]} {[%emt 00:00:04]} 19. Nb3 {[%clk 00:34:09]}
{[%emt 00:01:51]} Bc2 {[%clk 00:44:25]} {[%emt 00:02:06]} 20. Bd2 {[%clk
00:32:54]} {[%emt 00:01:22]} Be5 {[%clk 00:42:54]} {[%emt 00:01:45]} 21. Rac1
{[%clk 00:28:58]} {[%emt 00:04:02]} Bxb3 {[%clk 00:42:58]} {[%emt 00:00:11]} 22.
axb3 {[%clk 00:28:56]} {[%emt 00:00:10]} Bxb2 {[%clk 00:42:52]} {[%emt
00:00:16]} 23. Rc2 {[%clk 00:28:21]} {[%emt 00:00:42]} Be5 {[%clk 00:42:34]}
{[%emt 00:00:31]} 24. Bc3 {[%clk 00:27:19]} {[%emt 00:01:12]} Bxc3 {[%clk
00:41:36]} {[%emt 00:01:09]} 25. Rxc3 {[%clk 00:27:17]} {[%emt 00:00:11]} Ne4
{[%clk 00:41:32]} {[%emt 00:00:15]} 26. Rc2 {[%clk 00:26:55]} {[%emt 00:00:27]}
Kf8 {[%clk 00:41:18]} {[%emt 00:00:29]} 27. Rec1 {[%clk 00:26:15]} {[%emt
00:00:48]} Ra5 {[%clk 00:40:42]} {[%emt 00:00:48]} 28. Bd3 {[%clk 00:25:08]}
{[%emt 00:01:15]} Ng5 {[%clk 00:40:22]} {[%emt 00:00:32]} 29. Rc3 {[%clk
00:23:56]} {[%emt 00:01:16]} b6 {[%clk 00:40:02]} {[%emt 00:00:36]} 30. b4
{[%clk 00:23:44]} {[%emt 00:00:21]} Ra4 {[%clk 00:37:54]} {[%emt 00:02:19]} 31.
f4 {[%clk 00:22:24]} {[%emt 00:01:27]} Ne4 {[%clk 00:35:41]} {[%emt 00:02:26]}
32. Bxe4 {[%emt 00:00:53]} dxe4 {[%clk 00:35:20]} 33. bxc5 {[%clk 00:22:07]}
{[%emt 00:00:13]} bxc5 {[%clk 00:34:58]} {[%emt 00:00:33]} 34. Rxc5 {[%clk
00:21:17]} {[%emt 00:01:00]} Rxc5 {[%clk 00:35:02]} {[%emt 00:00:06]} 35. Rxc5
{[%clk 00:21:20]} {[%emt 00:00:07]} Ra3 {[%clk 00:34:55]} {[%emt 00:00:17]} 36.
Kf2 {[%clk 00:21:10]} {[%emt 00:00:19]} Ra2+ {[%clk 00:34:36]} {[%emt
00:00:30]} 37. Kg3 {[%clk 00:20:56]} {[%emt 00:00:22]} g6 {[%clk 00:34:41]}
{[%emt 00:00:07]} 38. f5 {[%clk 00:20:24]} {[%emt 00:00:38]} Re2 {[%clk
00:33:44]} {[%emt 00:01:11]} 39. f6 {[%clk 00:18:41]} {[%emt 00:01:53]} Ke8
{[%clk 00:32:56]} {[%emt 00:00:58]} 40. Re5+ {[%clk 00:18:36]} {[%emt
00:00:14]} Kd7 {[%emt 00:00:55]} 41. Rxe4 {[%clk 00:18:28]} {[%emt 00:00:17]}
Rd2 {[%clk 00:32:02]} {[%emt 00:00:21]} 42. Re7+ {[%clk 00:17:28]} {[%emt
00:01:09]} Kd6 {[%clk 00:32:04]} {[%emt 00:00:09]} 43. Rxf7 {[%clk 00:17:16]}
{[%emt 00:00:21]} Ke6 {[%clk 00:32:09]} {[%emt 00:00:07]} 44. Rf8 {[%clk
00:16:27]} {[%emt 00:00:55]} Rd7 {[%clk 00:31:47]} {[%emt 00:00:36]} 45. Kf4
{[%clk 00:15:47]} {[%emt 00:00:47]} Rd2 {[%clk 00:31:16]} {[%emt 00:00:44]} 46.
g4 {[%clk 00:14:15]} {[%emt 00:01:41]} Rxh2 {[%clk 00:30:59]} {[%emt 00:00:28]}
47. g5 {[%clk 00:12:41]} {[%emt 00:01:44]} h5 {[%emt 00:01:48]} 48. gxh6 {[%clk
00:11:52]} {[%emt 00:00:02]} Rxh6 {[%clk 00:30:18]} {[%emt 00:00:10]} 49. Kg5
{[%clk 00:11:11]} {[%emt 00:00:50]} Rh3 {[%clk 00:29:31]} {[%emt 00:00:58]} 50.
Re8+ {[%clk 00:09:57]} {[%emt 00:01:23]} Kf7 {[%clk 00:29:28]} {[%emt
00:00:14]} 51. Re7+ {[%clk 00:09:47]} {[%emt 00:00:17]} Kf8 {[%clk 00:29:26]}
{[%emt 00:00:15]} 52. Kxg6 {[%clk 00:08:51]} {[%emt 00:01:06]} Rg3+ {[%clk
00:29:25]} {[%emt 00:00:11]} 53. Kh5 {[%clk 00:07:41]} {[%emt 00:01:14]} Rg1
{[%clk 00:28:30]} {[%emt 00:01:10]} 54. e4 {[%clk 00:07:10]} {[%emt 00:00:40]}
Rg2 {[%clk 00:28:19]} {[%emt 00:00:22]} 55. e5 {[%clk 00:06:51]} {[%emt
00:00:29]} Rg1 {[%clk 00:28:07]} {[%emt 00:00:23]} 56. Kh6 {[%clk 00:06:13]}
{[%emt 00:00:48]} Rg2 {[%clk 00:27:48]} {[%emt 00:00:28]} 57. Rg7 {[%clk
00:05:50]} {[%emt 00:00:29]} Re2 {[%clk 00:27:50]} {[%emt 00:00:13]} 58. Re7
{[%clk 00:04:24]} {[%emt 00:01:34]} Rg2 {[%clk 00:27:43]} {[%emt 00:00:17]} 59.
e6 {[%clk 00:04:23]} {[%emt 00:00:11]} Re2 {[%clk 00:27:39]} {[%emt 00:00:15]}
60. Rf7+ {[%clk 00:03:05]} {[%emt 00:01:26]} Kg8 {[%clk 00:27:00]} {[%emt
00:00:51]} 61. Rg7+ {[%clk 00:02:29]} {[%emt 00:00:46]} Kf8 {[%clk 00:26:54]}
{[%emt 00:00:16]} 62. e7+ {[%clk 00:02:09]} {[%emt 00:00:29]} Ke8 {[%clk
00:26:36]} {[%emt 00:00:29]} 63. Rg8+ {[%clk 00:01:55]} {[%emt 00:00:24]} Kd7
{[%clk 00:25:13]} {[%emt 00:01:34]} 64. e8=Q+ {[%clk 00:01:54]} {[%emt
00:00:10]} Rxe8 {[%clk 00:25:07]} 65. Rxe8 {[%clk 00:01:57]} {[%emt 00:00:23]}
Kxe8 {[%clk 00:25:06]} {[%emt 00:00:12]} 66. Kg7 {[%clk 00:02:01]} {[%emt
00:00:03]} Kd7 {[%clk 00:25:08]} {[%emt 00:00:10]} 67. f7 {[%clk 00:02:07]}
{[%emt 00:00:03]} 1-0

[Event "English Schools Championship Final 2024"]
[Site "Nottingham University Kings Meadow Campus, United Kingdom"]
[Date "2024.06.27"]
[Round "2.72"]
[White "Martin, George"]
[Black "Reid, James"]
[Result "1-0"]
[TimeControl "G50' + 10\" per move."]
[WhiteElo "1446"]
[BlackElo "1356"]

1. e4 {[%clk 00:50:18]} {[%emt 00:00:03]} c5 {[%clk 00:50:16]} {[%emt
00:00:03]} 2. Nf3 {[%clk 00:50:19]} {[%emt 00:00:10]} Nc6 {[%clk 00:50:14]}
{[%emt 00:00:12]} 3. Nc3 {[%clk 00:50:19]} {[%emt 00:00:09]} a6 {[%clk
00:50:04]} {[%emt 00:00:20]} 4. d4 {[%clk 00:50:13]} {[%emt 00:00:17]} cxd4
{[%clk 00:50:05]} {[%emt 00:00:09]} 5. Nxd4 {[%clk 00:50:11]} {[%emt 00:00:11]}
e5 {[%clk 00:49:43]} {[%emt 00:00:32]} 6. Nxc6 {[%clk 00:50:12]} {[%emt
00:00:09]} bxc6 {[%clk 00:49:42]} {[%emt 00:00:11]} 7. Bc4 {[%clk 00:50:04]}
{[%emt 00:00:18]} Nf6 {[%clk 00:49:00]} {[%emt 00:00:53]} 8. Bg5 {[%clk
00:49:58]} {[%emt 00:00:16]} Be7 {[%clk 00:47:00]} {[%emt 00:02:11]} 9. Bxf6
{[%clk 00:49:40]} {[%emt 00:00:27]} Bxf6 {[%clk 00:46:54]} {[%emt 00:00:16]} 10.
Qd3 {[%clk 00:48:53]} {[%emt 00:00:58]} O-O {[%clk 00:43:42]} {[%emt 00:03:22]}
11. Na4 {[%clk 00:48:27]} {[%emt 00:00:36]} Qa5+ {[%clk 00:43:08]} {[%emt
00:00:44]} 12. Qc3 {[%clk 00:47:53]} {[%emt 00:00:43]} Qxc3+ {[%clk 00:40:39]}
{[%emt 00:02:39]} 13. Nxc3 {[%clk 00:47:47]} {[%emt 00:00:17]} Bb7 {[%clk
00:37:56]} {[%emt 00:02:53]} 14. O-O-O {[%clk 00:47:35]} {[%emt 00:00:21]} Rfd8
{[%clk 00:37:04]} {[%emt 00:01:02]} 15. f3 {[%clk 00:45:17]} {[%emt 00:02:28]}
Be7 {[%clk 00:34:56]} {[%emt 00:02:18]} 16. Rd3 {[%clk 00:44:43]} {[%emt
00:00:44]} a5 {[%clk 00:33:55]} {[%emt 00:01:11]} 17. Rhd1 {[%clk 00:44:19]}
{[%emt 00:00:34]} d6 {[%clk 00:32:59]} {[%emt 00:01:06]} 18. g3 {[%clk
00:43:16]} {[%emt 00:01:13]} h5 {[%clk 00:30:58]} {[%emt 00:02:11]} 19. h4
{[%clk 00:43:15]} {[%emt 00:00:12]} Ba6 {[%clk 00:28:40]} {[%emt 00:02:28]} 20.
Bxa6 {[%clk 00:42:59]} {[%emt 00:00:26]} Rxa6 {[%clk 00:28:44]} {[%emt
00:00:06]} 21. Na4 {[%clk 00:42:28]} {[%emt 00:00:41]} d5 {[%clk 00:26:22]}
{[%emt 00:02:32]} 22. exd5 {[%clk 00:42:13]} {[%emt 00:00:26]} cxd5 {[%clk
00:26:08]} {[%emt 00:00:23]} 23. Rxd5 {[%clk 00:42:17]} {[%emt 00:00:06]} Rxd5
{[%clk 00:25:31]} {[%emt 00:00:47]} 24. Rxd5 {[%clk 00:42:19]} {[%emt
00:00:08]} f6 {[%clk 00:25:02]} {[%emt 00:00:39]} 25. Nc5 {[%clk 00:41:56]}
{[%emt 00:00:34]} Bxc5 {[%clk 00:23:51]} {[%emt 00:01:21]} 26. Rxc5 {[%clk
00:41:57]} {[%emt 00:00:09]} a4 {[%clk 00:22:53]} {[%emt 00:01:08]} 27. Rc3
{[%clk 00:41:49]} {[%emt 00:00:18]} Kh7 {[%clk 00:22:24]} {[%emt 00:00:39]} 28.
Ra3 {[%clk 00:41:48]} {[%emt 00:00:11]} g5 {[%clk 00:19:59]} {[%emt 00:02:34]}
29. b3 {[%clk 00:40:40]} {[%emt 00:01:19]} g4 {[%clk 00:14:36]} {[%emt
00:05:33]} 30. fxg4 {[%clk 00:40:16]} {[%emt 00:00:32]} Rc6 {[%clk 00:11:18]}
{[%emt 00:03:29]} 31. bxa4 {[%clk 00:39:47]} {[%emt 00:00:39]} Rd6 {[%clk
00:09:59]} {[%emt 00:01:29]} 32. a5 {[%clk 00:39:39]} {[%emt 00:00:18]} e4
{[%emt 00:00:54]} 33. c4 {[%clk 00:38:02]} {[%emt 00:01:44]} Kg6 {[%clk
00:07:54]} {[%emt 00:01:35]} 34. c5 {[%clk 00:37:23]} {[%emt 00:00:48]} 1-0

[Event "English Schools Championship Final 2024"]
[Site "Nottingham University Kings Meadow Campus, United Kingdom"]
[Date "2024.06.27"]
[Round "2.73"]
[White "Sanfey, Gregor"]
[Black "Handa, Yash"]
[Result "1-0"]
[TimeControl "G50' + 10\" per move."]
[WhiteFideId "467928"]
[WhiteElo "1767"]
[BlackElo "1337"]

1. e4 {[%clk 00:50:18]} {[%emt 00:00:01]} e5 {[%clk 00:50:19]} {[%emt
00:00:03]} 2. Nf3 {[%clk 00:50:23]} {[%emt 00:00:04]} Nc6 {[%clk 00:50:21]}
{[%emt 00:00:08]} 3. Bc4 {[%clk 00:50:28]} {[%emt 00:00:05]} Be7 {[%clk
00:50:25]} {[%emt 00:00:06]} 4. O-O {[%clk 00:50:32]} {[%emt 00:00:06]} Nf6
{[%clk 00:50:30]} {[%emt 00:00:05]} 5. d3 {[%clk 00:50:33]} {[%emt 00:00:09]}
d6 {[%clk 00:50:34]} {[%emt 00:00:06]} 6. h3 {[%clk 00:50:40]} {[%emt
00:00:03]} O-O {[%clk 00:50:37]} {[%emt 00:00:07]} 7. Be3 {[%clk 00:50:47]}
{[%emt 00:00:02]} Bd7 {[%clk 00:50:26]} {[%emt 00:00:22]} 8. Nbd2 {[%clk
00:50:45]} {[%emt 00:00:12]} Qc8 {[%clk 00:49:59]} {[%emt 00:00:37]} 9. Re1
{[%clk 00:49:46]} {[%emt 00:01:09]} Be6 {[%clk 00:50:01]} {[%emt 00:00:07]} 10.
Bxe6 {[%clk 00:49:47]} {[%emt 00:00:09]} Qxe6 {[%clk 00:50:04]} {[%emt
00:00:06]} 11. Nf1 {[%clk 00:49:55]} {[%emt 00:00:04]} Rad8 {[%clk 00:49:46]}
{[%emt 00:00:28]} 12. Ng3 {[%clk 00:49:52]} {[%emt 00:00:13]} h6 {[%clk
00:49:15]} {[%emt 00:00:41]} 13. Nf5 {[%clk 00:49:51]} {[%emt 00:00:11]} d5
{[%clk 00:48:33]} {[%emt 00:00:51]} 14. Nxe7+ {[%clk 00:48:54]} {[%emt
00:01:08]} Qxe7 {[%clk 00:48:35]} {[%emt 00:00:07]} 15. exd5 {[%clk 00:48:58]}
{[%emt 00:00:07]} Nxd5 {[%clk 00:48:33]} {[%emt 00:00:11]} 16. Bd2 {[%clk
00:48:35]} {[%emt 00:00:34]} Qd6 {[%clk 00:47:29]} {[%emt 00:01:14]} 17. Nh4
{[%clk 00:39:28]} {[%emt 00:09:16]} Qf6 {[%clk 00:46:49]} {[%emt 00:00:50]} 18.
Qg4 {[%clk 00:39:28]} {[%emt 00:00:11]} Nd4 {[%clk 00:46:04]} {[%emt 00:00:54]}
19. Rac1 {[%clk 00:37:44]} {[%emt 00:01:55]} g5 {[%clk 00:44:42]} {[%emt
00:01:31]} 20. c3 {[%clk 00:36:38]} {[%emt 00:01:17]} Ne6 {[%clk 00:43:37]}
{[%emt 00:01:14]} 21. Nf3 {[%clk 00:35:37]} {[%emt 00:01:11]} Ng7 {[%clk
00:42:00]} {[%emt 00:01:47]} 22. Nxe5 {[%clk 00:35:14]} {[%emt 00:00:34]} Rfe8
{[%clk 00:41:45]} {[%emt 00:00:25]} 23. d4 {[%clk 00:35:16]} {[%emt 00:00:08]}
Nf4 {[%clk 00:40:27]} {[%emt 00:01:26]} 24. Bxf4 {[%clk 00:35:20]} {[%emt
00:00:08]} Qxf4 {[%clk 00:40:23]} {[%emt 00:00:14]} 25. Qxf4 {[%clk 00:34:39]}
{[%emt 00:00:51]} gxf4 {[%clk 00:40:23]} {[%emt 00:00:09]} 26. Ng4 {[%clk
00:34:47]} {[%emt 00:00:03]} Rxe1+ {[%clk 00:40:15]} {[%emt 00:00:18]} 27. Rxe1
{[%clk 00:34:55]} {[%emt 00:00:02]} Re8 {[%clk 00:40:13]} {[%emt 00:00:12]} 28.
Nf6+ {[%clk 00:35:01]} {[%emt 00:00:04]} Kf8 {[%clk 00:40:06]} {[%emt
00:00:17]} 29. Nxe8 {[%clk 00:35:07]} {[%emt 00:00:04]} Nxe8 {[%clk 00:40:03]}
{[%emt 00:00:12]} 30. Re4 {[%clk 00:35:14]} {[%emt 00:00:03]} f3 {[%clk
00:39:51]} {[%emt 00:00:22]} 31. g4 {[%clk 00:35:21]} {[%emt 00:00:03]} Nd6
{[%clk 00:39:27]} {[%emt 00:00:33]} 32. Rf4 {[%clk 00:35:20]} {[%emt 00:00:12]}
Nc4 {[%clk 00:39:28]} {[%emt 00:00:09]} 33. b3 {[%clk 00:35:23]} {[%emt
00:00:08]} Nd2 {[%clk 00:38:56]} {[%emt 00:00:41]} 34. d5 {[%clk 00:35:01]}
{[%emt 00:00:32]} Ke7 {[%clk 00:38:56]} {[%emt 00:00:10]} 35. Rd4 {[%clk
00:35:00]} {[%emt 00:00:11]} Nb1 {[%clk 00:38:52]} {[%emt 00:00:14]} 36. Rd3
{[%clk 00:34:45]} {[%emt 00:00:25]} c6 {[%clk 00:38:44]} {[%emt 00:00:19]} 37.
dxc6 {[%clk 00:34:48]} {[%emt 00:00:07]} bxc6 {[%clk 00:38:46]} {[%emt
00:00:08]} 38. Rxf3 {[%clk 00:34:55]} {[%emt 00:00:04]} Nd2 {[%clk 00:38:35]}
{[%emt 00:00:21]} 39. Rf5 {[%clk 00:34:54]} {[%emt 00:00:10]} Ne4 {[%clk
00:38:30]} {[%emt 00:00:15]} 40. Re5+ {[%clk 00:35:00]} {[%emt 00:00:04]} Kd6
{[%clk 00:38:10]} {[%emt 00:00:30]} 41. Rxe4 {[%clk 00:35:06]} {[%emt
00:01:37]} 1-0

[Event "English Schools Championship Final 2024"]
[Site "Nottingham University Kings Meadow Campus, United Kingdom"]
[Date "2024.06.27"]
[Round "2.74"]
[White "Quraishi, Ayaan"]
[Black "Rasalingam, Rishi"]
[Result "0-1"]
[TimeControl "G50' + 10\" per move."]
[BlackFideId "452017"]
[WhiteElo "1458"]
[BlackElo "1365"]

1. c4 {[%clk 00:50:14]} {[%emt 00:00:06]} g6 {[%clk 00:50:12]} {[%emt
00:00:08]} 2. d3 {[%clk 00:49:59]} {[%emt 00:00:25]} Bg7 {[%clk 00:50:16]}
{[%emt 00:00:06]} 3. Bd2 {[%clk 00:49:56]} {[%emt 00:00:13]} Bxb2 {[%clk
00:49:58]} {[%emt 00:00:27]} 4. Na3 {[%clk 00:49:51]} {[%emt 00:00:14]} Bxa3
{[%clk 00:49:57]} {[%emt 00:00:13]} 5. Qc2 {[%clk 00:48:55]} {[%emt 00:01:05]}
Nf6 {[%clk 00:49:16]} {[%emt 00:00:52]} 6. Nf3 {[%clk 00:46:22]} {[%emt
00:02:42]} Nc6 {[%clk 00:48:38]} {[%emt 00:00:48]} 7. Qb3 {[%clk 00:46:14]}
{[%emt 00:00:17]} Bc5 {[%clk 00:47:58]} {[%emt 00:00:50]} 8. e3 {[%clk
00:42:08]} {[%emt 00:04:16]} O-O {[%clk 00:47:42]} {[%emt 00:00:28]} 9. d4
{[%clk 00:40:58]} {[%emt 00:01:19]} Bb6 {[%clk 00:47:41]} {[%emt 00:00:11]} 10.
Bd3 {[%clk 00:39:21]} {[%emt 00:01:46]} d5 {[%clk 00:47:28]} {[%emt 00:00:25]}
11. O-O {[%clk 00:38:42]} {[%emt 00:00:48]} Ba5 {[%clk 00:47:19]} {[%emt
00:00:19]} 12. Bc1 {[%clk 00:34:16]} {[%emt 00:04:36]} dxc4 {[%clk 00:45:50]}
{[%emt 00:01:40]} 13. Bxc4 {[%clk 00:33:13]} {[%emt 00:00:14]} e6 {[%clk
00:45:30]} {[%emt 00:01:28]} 14. Bb2 {[%clk 00:29:42]} {[%emt 00:03:38]} a6
{[%clk 00:44:32]} {[%emt 00:01:11]} 15. a4 {[%clk 00:28:48]} {[%emt 00:01:04]}
Qe7 {[%clk 00:42:20]} {[%emt 00:02:22]} 16. Rfd1 {[%clk 00:25:39]} {[%emt
00:03:18]} Qb4 {[%clk 00:42:07]} {[%emt 00:00:23]} 17. Qd3 {[%clk 00:23:45]}
{[%emt 00:02:02]} Qxb2 {[%clk 00:41:34]} {[%emt 00:00:45]} 18. Rab1 {[%clk
00:22:36]} {[%emt 00:01:19]} Qc3 {[%clk 00:41:30]} {[%emt 00:00:16]} 19. Qe2
{[%clk 00:21:32]} {[%emt 00:01:11]} Bb6 {[%clk 00:38:18]} {[%emt 00:03:24]} 20.
e4 {[%clk 00:18:34]} {[%emt 00:03:04]} Nxd4 {[%clk 00:36:26]} {[%emt 00:02:05]}
21. Nxd4 {[%clk 00:17:42]} {[%emt 00:01:02]} Bxd4 {[%clk 00:36:32]} {[%emt
00:00:04]} 22. Rbc1 {[%clk 00:17:38]} {[%emt 00:00:13]} Qb2 {[%clk 00:36:02]}
{[%emt 00:00:39]} 23. Rc2 {[%clk 00:17:02]} {[%emt 00:00:45]} Bxf2+ {[%clk
00:35:50]} {[%emt 00:00:23]} 24. Kxf2 {[%clk 00:15:46]} {[%emt 00:01:26]} Qe5
{[%clk 00:35:33]} {[%emt 00:00:28]} 25. Kg1 {[%clk 00:14:20]} {[%emt 00:01:35]}
Qxe4 {[%clk 00:35:32]} {[%emt 00:00:13]} 26. Qf2 {[%clk 00:14:04]} {[%emt
00:00:23]} Ng4 {[%clk 00:35:07]} {[%emt 00:00:38]} 27. Qg3 {[%clk 00:13:23]}
{[%emt 00:00:51]} Qe3+ {[%clk 00:34:36]} {[%emt 00:00:41]} 28. Kf1 {[%clk
00:12:34]} {[%emt 00:00:58]} Qxg3 {[%clk 00:34:37]} {[%emt 00:00:11]} 29. hxg3
{[%clk 00:12:25]} {[%emt 00:00:19]} Ne3+ {[%clk 00:34:45]} {[%emt 00:00:01]} 30.
Ke2 {[%clk 00:12:01]} {[%emt 00:00:34]} Nxc2 {[%clk 00:34:52]} {[%emt
00:00:04]} 0-1

[Event "English Schools Championship Final 2024"]
[Site "Nottingham University Kings Meadow Campus, United Kingdom"]
[Date "2024.06.27"]
[Round "2.75"]
[White "Burnton, Joshua"]
[Black "Pannu, Aaron"]
[Result "1-0"]
[TimeControl "G50' + 10\" per move."]
[WhiteFideId "343401317"]
[BlackFideId "483648"]
[WhiteElo "1846"]
[BlackElo "1148"]

1. e4 {[%clk 00:50:18]} {[%emt 00:00:02]} e5 {[%clk 00:50:15]} {[%emt
00:00:05]} 2. Nf3 {[%clk 00:50:23]} {[%emt 00:00:05]} Nc6 {[%clk 00:50:20]}
{[%emt 00:00:06]} 3. Bb5 {[%clk 00:50:30]} {[%emt 00:00:03]} Nf6 {[%clk
00:49:56]} {[%emt 00:00:33]} 4. d3 {[%clk 00:50:34]} {[%emt 00:00:06]} Bc5
{[%clk 00:47:22]} {[%emt 00:02:44]} 5. Bxc6 {[%clk 00:50:34]} {[%emt 00:00:09]}
bxc6 {[%clk 00:46:57]} {[%emt 00:00:35]} 6. Nxe5 {[%clk 00:49:58]} {[%emt
00:00:46]} Qe7 {[%clk 00:45:01]} {[%emt 00:02:05]} 7. Nf3 {[%clk 00:49:51]}
{[%emt 00:00:18]} d5 {[%clk 00:43:41]} {[%emt 00:01:31]} 8. e5 {[%clk
00:49:04]} {[%emt 00:00:56]} d4 {[%clk 00:36:15]} {[%emt 00:07:36]} 9. O-O
{[%clk 00:48:55]} {[%emt 00:00:20]} Bg4 {[%clk 00:35:34]} {[%emt 00:00:51]} 10.
exf6 {[%clk 00:48:53]} {[%emt 00:00:11]} Qxf6 {[%clk 00:35:19]} {[%emt
00:00:25]} 11. Re1+ {[%clk 00:48:54]} {[%emt 00:00:09]} Be7 {[%clk 00:34:49]}
{[%emt 00:00:40]} 12. h3 {[%clk 00:48:11]} {[%emt 00:00:53]} Be6 {[%clk
00:34:01]} {[%emt 00:00:58]} 13. Bg5 {[%clk 00:47:47]} {[%emt 00:00:34]} Qg6
{[%clk 00:32:46]} {[%emt 00:01:25]} 14. Bxe7 {[%clk 00:47:43]} {[%emt
00:00:14]} Kxe7 {[%clk 00:32:32]} {[%emt 00:00:24]} 15. Nxd4 {[%clk 00:47:09]}
{[%emt 00:00:44]} Rhe8 {[%clk 00:29:40]} {[%emt 00:03:02]} 16. Nxe6 {[%clk
00:46:44]} {[%emt 00:00:35]} fxe6 {[%clk 00:29:41]} {[%emt 00:00:10]} 17. Qg4
{[%clk 00:46:39]} {[%emt 00:00:14]} Qf6 {[%clk 00:29:17]} {[%emt 00:00:33]} 18.
Nc3 {[%clk 00:46:18]} {[%emt 00:00:32]} Kf8 {[%clk 00:27:59]} {[%emt 00:01:28]}
19. Re3 {[%clk 00:46:03]} {[%emt 00:00:24]} Kg8 {[%clk 00:27:47]} {[%emt
00:00:22]} 20. Rf3 {[%clk 00:46:03]} {[%emt 00:00:11]} Qe7 {[%clk 00:25:13]}
{[%emt 00:02:43]} 21. Ne4 {[%clk 00:46:03]} {[%emt 00:00:10]} Rf8 {[%clk
00:24:45]} {[%emt 00:00:37]} 22. Rxf8+ {[%clk 00:45:52]} {[%emt 00:00:21]} Rxf8
{[%clk 00:24:45]} {[%emt 00:00:11]} 23. Re1 {[%clk 00:45:20]} {[%emt 00:00:42]}
Qf7 {[%clk 00:19:47]} {[%emt 00:05:08]} 24. f3 {[%clk 00:45:04]} {[%emt
00:00:26]} e5 {[%clk 00:19:24]} {[%emt 00:00:34]} 25. Ng5 {[%clk 00:45:01]}
{[%emt 00:00:12]} Qf6 {[%clk 00:17:49]} {[%emt 00:01:46]} 26. Qe6+ {[%clk
00:44:52]} {[%emt 00:00:18]} Qxe6 {[%clk 00:17:29]} {[%emt 00:00:30]} 27. Nxe6
{[%clk 00:44:55]} {[%emt 00:00:07]} Re8 {[%clk 00:17:24]} {[%emt 00:00:16]} 28.
Rxe5 {[%clk 00:44:54]} {[%emt 00:00:11]} Kf7 {[%clk 00:15:56]} {[%emt
00:01:37]} 29. Ng5+ {[%clk 00:44:57]} {[%emt 00:00:07]} Kf8 {[%clk 00:15:48]}
{[%emt 00:00:18]} 30. Nxh7+ {[%clk 00:44:54]} {[%emt 00:00:13]} Kf7 {[%clk
00:15:49]} {[%emt 00:00:09]} 31. Ng5+ {[%clk 00:44:56]} {[%emt 00:00:07]} Kf8
{[%clk 00:15:44]} {[%emt 00:00:15]} 32. Rxe8+ {[%clk 00:44:57]} {[%emt
00:00:09]} Kxe8 {[%clk 00:15:39]} {[%emt 00:00:16]} 33. Ne6 {[%clk 00:45:03]}
{[%emt 00:00:04]} Kf7 {[%clk 00:15:22]} {[%emt 00:00:26]} 34. Nxc7 {[%clk
00:45:07]} {[%emt 00:00:06]} Kg6 {[%clk 00:15:18]} {[%emt 00:00:14]} 35. Kf2
{[%clk 00:45:10]} {[%emt 00:00:07]} Kf5 {[%clk 00:15:14]} {[%emt 00:00:14]} 36.
g4+ {[%clk 00:45:10]} {[%emt 00:00:10]} Kg5 {[%clk 00:15:11]} {[%emt 00:00:12]}
37. Kg3 {[%clk 00:45:10]} {[%emt 00:00:12]} g6 {[%clk 00:15:15]} {[%emt
00:00:06]} 38. h4+ {[%clk 00:45:10]} {[%emt 00:00:10]} Kh6 {[%clk 00:15:16]}
{[%emt 00:00:09]} 39. Kf4 {[%clk 00:45:12]} {[%emt 00:00:08]} a5 {[%clk
00:15:11]} {[%emt 00:00:15]} 40. Ke5 {[%clk 00:45:12]} {[%emt 00:00:10]} g5
{[%clk 00:15:08]} {[%emt 00:00:12]} 41. hxg5+ {[%clk 00:45:12]} {[%emt
00:00:10]} Kxg5 {[%clk 00:15:13]} {[%emt 00:00:05]} 42. f4 {[%clk 00:45:14]}
{[%emt 00:00:08]} Kxg4 {[%clk 00:15:14]} {[%emt 00:00:10]} 43. f5 {[%clk
00:45:19]} {[%emt 00:00:04]} Kg5 {[%clk 00:15:08]} {[%emt 00:00:17]} 44. Ne6
{[%clk 00:45:20]} {[%emt 00:00:08]} Kh6 {[%clk 00:15:07]} {[%emt 00:00:10]} 45.
f6 {[%clk 00:45:17]} {[%emt 00:00:14]} Kh7 {[%clk 00:15:08]} {[%emt 00:00:09]}
46. f7 {[%clk 00:45:16]} {[%emt 00:00:11]} Kh8 {[%clk 00:15:02]} {[%emt
00:00:16]} 47. f8=Q+ {[%clk 00:45:17]} {[%emt 00:00:10]} Kh7 {[%clk 00:15:02]}
{[%emt 00:00:09]} 48. Qg7# {[%clk 00:45:20]} {[%emt 00:00:07]} 1-0